000 00460nam a2200181 a 4500
001 1764479883009
003 ACL
005 20251130104958.0
008 251130s2007##################000#0#eng##
020 _a9781420043747
082 0 4 _a624
_bWEN
100 1 _aWeng, Qihao,
_eauthor.
245 1 0 _aRemote Sensing of Impervious Surfaces :
260 _bCRC Press,
_c2007.
650 0 _aTechnology & Engineering.
942 _cENGLISH
040 _aACL
_beng
_cACL
999 _c599510
_d599510